[Event "Paris NAO GM 4th"]
[Site "Paris"]
[Date "2004.12.16"]
[Round "2"]
[White "Kazhgaleyev, Murtas"]
[Black "Inkiov, Ventzislav"]
[Result "1-0"]
[WhiteElo "2607"]
[BlackElo "2496"]
[Annotator "Ribli,Z"]
[PlyCount "93"]
[EventDate "2004.12.15"]
[EventType "tourn"]
[EventRounds "9"]
[EventCountry "FRA"]
[EventCategory "10"]
[SourceTitle "CBM 105"]
[Source "ChessBase"]
[SourceDate "2005.04.11"]
[SourceVersion "1"]
[SourceVersionDate "2005.04.11"]
[SourceQuality "1"]

1. d4 Nf6 2. c4 e6 3. Nf3 d5 4. Nc3 Bb4 {Der bulgarische Großmeister spielt
gerne die Ragozin-Variante des Damengambits.} 5. cxd5 {Das ist die populärste
Fortsetzung, mit der Weiß die schwarzen Möglichkeiten einengt. Für die andere
Hauptvariante 5.Bg5 verfügt Schwarz neben 5...h6 und 5...Nbd7 über die
Möglichkeit, mit 5...dxc4, die Wiener Variante zu wählen.} exd5 6. Bg5 h6 7.
Bh4 c5 8. e3 O-O $6 {Diese schablonenhafte Fortsetzung gefällt mir nicht, da
Schwarz nicht um die Beherrschung des Zentrums kämpft - nach meiner Meinung
bekommt Schwarz bessere Ausgleichchancen im Falle von} (8... Nc6 $5) (8... g5
9. Bg3 Ne4) 9. Bd3 {Das ist der aktive Platz für den Läufer.} (9. Be2 c4 10.
O-O Bxc3 11. bxc3 g5 12. Bg3 Ne4 13. Rc1 Nc6 $13) 9... c4 10. Bb1 $5 {Dieser
Läuferzug sieht sonderbar aus, aber seine Hauptidee ist, dass Weiß nachfolgend
Qc2 spielen kann.} (10. Bc2 Nbd7 (10... Bg4 11. O-O Bxc3 12. bxc3 Nbd7 13. Qb1
Bxf3 14. gxf3 Qc7 15. a4 Qc6 16. Kh1 b6 17. Rg1 Qd6 18. Rg2 a6 19. Qb2 Kh8 20.
Rag1 Rg8 21. Qc1 {[%cal Gc1h6]} Qe6 22. Qb1 $1 {1/2-1/2 Sherbakov,
R-Aleksandrov,A/Sochi 1997/CBM 62/[Ribli] (57)}) 11. O-O Bxc3 (11... Qa5 12.
Qc1 Re8 13. Nd2 Be7 14. h3 b5 15. a3 Bb7 16. f4 Qb6 17. Nf3 a5 18. Ne5 {
1/2-1/2 Damljanovic,B-Aleksandrov,A/Budva 2002/EXT 2003 (68)}) 12. bxc3 Qa5 13.
Qc1 Re8 14. Nd2 Re6 (14... b5 15. a4 b4 16. cxb4 Qxb4 17. Nb1 Kh8 18. Qa3 Rb8
19. Qxb4 Rxb4 20. Nc3 $14 {1-0 Delchev,A-Shereshevski,M/Elenite 1994/EXP 43 
(40)}) 15. a4 g6 16. Qa3 b6 17. Rfb1 Bb7 18. Qb4 Qxb4 19. Rxb4 {1-0 Murshed,
N-Mitkov,N/Moscow olm 1994/EXP 44 (38)}) 10... Bxc3+ $146 {Ist das eine
häuslich vorbereitete Neuerung von Schwarz? In der bekannten Partie Kasparov,G
- Aleksandrov,A Bled 2002 spielte Schwarz statt dessen 10...Nbd7. Mit dem
Partiezug tauscht Schwarz den schwarzen Läufer gegen den Springer (was typisch
in der Ragozin Variante ist) und kämpft um das Feld e4.} (10... Nbd7 11. O-O
Qa5 12. Qc2 (12. Ne5 Bxc3 13. Nxd7 Bxd7 14. Bxf6 Qb6 $1 15. Bxg7 Bxb2 16. Bxf8
Kxf8 17. Bc2 Bxa1 18. Qxa1 $13) 12... Bxc3 13. Qxc3 (13. bxc3 $5) 13... Qxc3
14. bxc3 Re8 15. Nd2 Nh5 $1 16. a4 (16. Bc2 $5) 16... Ndf6 17. Bc2 Bd7 18. Rfe1
g5 19. Bg3 Nxg3 20. hxg3 Re6 21. f3 Rb6 22. Reb1 $14 {1-0 Kasparov,
G-Aleksandrov,A/Bled (ol) 2002/[Kasparov,G] (40)}) 11. bxc3 Re8 (11... Qa5 12.
O-O $1 (12. Qc2 Ne4 $1 $36 (12... Nbd7 13. O-O Ne4 14. Nd2 Qxc3 15. Nxe4 Qxc2
16. Bxc2 dxe4 17. Bxe4 $14)) 12... Nbd7 (12... Qxc3 13. Bxf6 gxf6 14. Nh4 $44)
13. Qc2 Ne4 14. Nd2 Qxc3 15. Nxe4 Qxc2 16. Bxc2 dxe4 17. Bxe4 $14) 12. Nd2 (12.
O-O g5 $6 13. Bg3 Ne4 14. Bxe4 Rxe4 15. Nd2 $16) 12... Nbd7 13. O-O $14 {
[%csl Gb1,Gh4] Weiß besitzt das Läuferpaar und im folgenden kann er seine
Bauernmehrheit im Zentrum mit f3 und e4 mobilisieren.} Nf8 14. h3 {[%mdl 32]
Mit diesem Zug schafft Weiß auf h2 ein Schlupfloch für den Läufer.} (14. Re1
$14) 14... Ng6 15. Bg3 Qa5 16. Qc1 (16. Qc2 Bf5 $5 17. Qxf5 Qxc3 $132) 16... b5
(16... Ne7 17. Be5 Qa6 18. Re1 $14 {[%cal Ge3e4]}) 17. a3 {Mit diesem Zug
verteidigt sich Weiß gegen die schwarze Drohung 17...b4.} Qd8 {Schwarz zieht
seine Dame von a6 zurück, um 18...a5 zu spielen, mit Spiel am Damenflügel. Die
andere Idee dieses Damezugs ist, dass Schwarz die Dame am Königsflügel ins
Spiel bringen kann.} (17... Be6 $14) 18. a4 $1 (18. Bxg6 fxg6 19. Qb1 {[%cal
Rb1b5,Rb1g6]} Bf5 (19... Qa5 20. Qxg6 Qxc3 21. Be5 $16 (21. Bh4 $16)) 20. Qxb5
Re6 $44 {[%csl Gf5]}) 18... bxa4 19. Rxa4 Nh5 20. Bh2 {[%csl Gh2][%cal Gh2b8]
Dank seines prophylaktischen Zuges 14.h3 kann Weiß jetzt seinen
schwarzfeldrigen Läufer retten.} Nh4 {[%csl Gc8,Gh4,Gh5][%cal Gd8g5]} 21. g4 (
21. e4 $2 Bxh3 $19) (21. Kh1 Nxg2 22. Kxg2 Bxh3+ 23. Kxh3 Qd7+ {[%cal Rd7a4,
Rd7h3]} 24. Kg2 Qxa4 $13) 21... f5 $6 {Schwarz opfert seinen Springer für
Angriff am Königsflügel..} (21... Bd7 $5) 22. gxh5 Qg5+ 23. Bg3 Rxe3 {Droht 24.
..Rxg3+, oder 24...f4 mit sofortigem Gewinn.} {[#]} 24. Ne4 $8 {[%cal Gc1g5]
[%mdl 64] Es gibt keine anderen Züge für Weiß, aber dieser Zug gewinnt
Material.} (24. Kh2 f4 $19) 24... Rxe4 (24... Nf3+ 25. Kg2 Nh4+ 26. Kh1 $16)
25. Qxg5 {Weiß tauscht die Damen und bekommt ein chancenreiches Endspiel.} Nf3+
(25... hxg5 26. Bxe4 fxe4 27. Rfa1 $16) 26. Kg2 Nxg5 27. h4 $1 {Mit Tempo
gespielt für Weiß.} (27. Bxe4 $6 fxe4 $132) 27... Nh7 28. Bxe4 fxe4 29. Rfa1 {
Schwarz besitzt einen Bauern für die Qualität, aber die weißen Türme stehen
sehr aktiv.} a6 30. Ra5 Nf6 (30... Bb7 31. Rb1 $16) 31. Be5 Nxh5 32. Rxd5 $16 {
[%csl Gd4] Weiß verfügt über Materialvorteil, aktives Figurenspiel und sein
d-Bauern ist potentiell sehr stark.} Bg4 33. Rda5 Rf8 34. d5 (34. Rxa6 $16)
34... Rf3 35. d6 Rd3 {[%csl Gd3][%cal Gd3d8] Rd3 kontrolliert zwar den
d-Bauern, aber das ist kein ausreichender Ersatz für die Qualität.} 36. Rxa6
Kf7 37. Kg1 (37. Ra7+ Kg6 38. Rc7 $16) 37... Ke6 38. R6a5 Bf3 39. Bh2 Rxc3 $6 (
39... Nf6 $142 40. Re5+ Kxd6 41. Rxe4+ $16) 40. Re5+ Kf6 {40...Rxd6 geht nicht
wegen 41.Rxh5+.} 41. Rd5 {[%csl Gd5][%cal Gd6d7,Gd7d8]} Rd3 42. Raa5 Rb3 {
[%cal Rb3b1,Rb1g1]} 43. Rab5 Rxb5 (43... Ra3 44. Be5+ Ke6 45. d7 $18) 44. Rxb5
Ke6 45. Rb7 $18 {[%csl Gb7,Gd6,Rf3,Gh2,Rh5] Der Pd6 entscheidet die Partie,
die schwarzen Leichtfiguren können ihn nicht aufhalten.} g5 46. Re7+ Kf6 47.
Be5+ (47. Be5+ Kg6 48. d7 $18) 1-0

[Event "Solin 7th"]
[Site "Solin"]
[Date "1999.12.17"]
[Round "7"]
[White "Tkachiev, Vladislav"]
[Black "Kovacevic, Vlatko"]
[Result "1-0"]
[WhiteElo "2648"]
[BlackElo "2492"]
[Annotator "Ribli,Z"]
[PlyCount "125"]
[EventDate "1999.12.10"]
[EventType "tourn"]
[EventRounds "9"]
[EventCountry "CRO"]
[EventCategory "13"]
[SourceTitle "CBM 075"]
[Source "ChessBase"]
[SourceDate "2000.04.05"]
[SourceVersion "1"]
[SourceVersionDate "2000.04.05"]
[SourceQuality "1"]

1. d4 e6 2. c4 d5 3. Nf3 Nf6 4. Nc3 Bb4 {Das ist die Lieblingsvariante des
kroatischen Großmeisters.} 5. cxd5 exd5 6. Bg5 Nbd7 7. Rc1 {Das ist eine
selten gespielte, aber chancenreiche Fortsetzung. Weiß verteidigt den Nc3 mit
dem Turm und kann in einigen Varianten auf Bxc3 mit Rxc3 antworten.} O-O (7...
h6 8. Bh4 c5 9. dxc5 Qa5 10. Qd4 O-O 11. a3 Bxc5 12. Qd2 Be7 13. e3 $14 {
Schwarz hat einen isolierten Bauern.}) (7... c6) 8. a3 Be7 {Nach diesem Zug
scheint die ganze Idee der schwarzen Spielweise mit 4...Bb4 ein wenig
fragwürdig, er hat dadurch eigentlich ein Tempo verloren.} 9. e3 c6 10. Qc2 {
Wir haben eine Variante des Damengambits - Abtauschvariante - vor uns, in der
Weiß theoretisch dauerhafte Initiative besitzt. (Die gewöhnliche Zugfolge ist:
1.d4 d5 2.c4 e6 3.Nc3 Nf6 4.cxd5 exd5.)} Re8 11. Bd3 (11. Be2 a5 12. O-O Nf8
13. Ne5 N6d7 14. Bxe7 Qxe7 15. Nd3 Nf6 16. b4 Bf5 17. Qb3 axb4 18. axb4 Ng6 19.
b5 Ng4 20. Bxg4 Bxd3 21. Be2 Bf5 22. Ra1 Rac8 23. Ra7 Qg5 24. Kh1 Re7 25. Rfa1
{1/2-1/2 Kallai,G-Horvath,P/Hungary 1998/EXT 2000 (61)}) 11... Nf8 (11... h6
12. Bf4 Nb6 13. h3 Be6 14. O-O Rc8 15. Na4 Nxa4 16. Qxa4 a6 17. Qb3 {1/2-1/2
Nikolic,N-Kovacevic,V/Zagreb 1993/CBM 35 (17)}) 12. O-O Be6 (12... Bg4 $6 13.
Ne5 Bh5 14. f4 N6d7 15. Bxe7 Rxe7 16. Rce1 f6 17. Nf3 $14 {1-0 Vyzmanavin,
A-Blatny,P/Pardubice 1993/Inf 58/[Vyzmanavin,A; Arkhangelsky,B] (38)}) (12...
Ne4 13. Bxe7 Qxe7 14. Bxe4 dxe4 15. Nd2 Bf5 16. Rfe1 Bg6 17. b4 Rad8 18. Nc4 h5
19. Ne2 h4 20. h3 Bf5 21. Kh1 Ng6 22. Qb2 Qd7 23. Ng1 Be6 24. a4 Bd5 25. Ne2
Be6 26. Ng1 Bd5 27. Ne2 Be6 28. Ng1 {1/2-1/2 Soppe,G-Braga,F/Mar del Plata
1997/EXT 98 (28)}) 13. b4 {[%mdl 4] Das ist ein typischer Plan für Weiß in
solchen Stellungen. Er hat drei gegen vier Bauern am Damenflügel aber auch die
halboffene c-Linie und führt den sogenannten Minoritätsangriff.} (13. Ne5)
13... a5 $6 {Nach diesem Zug hat Weiß leichtes Spiel. Ich glaube, es wäre
besser für Schwarz, den Plan b4-b5 zu verhindern.} (13... a6 $5 14. Bxf6 Bxf6
15. a4) 14. Bxf6 Bxf6 (14... gxf6 15. Rb1 $14) 15. b5 $14 {Weiß hat Initiative
am Damenflügel. Schwarz kann nicht - wie es in solchen Stellungen typisch wäre
- mit c6-c5 Gegenspiel entwickeln.} Bg4 16. bxc6 bxc6 (16... Bxf3 $2 17. cxb7
$16) 17. Ne2 $1 {Mit diesem Zug greift Weiß den Pc6 an, der Ne2 zielt nach g3,
von wo aus er den Königsflügel verteidigen kann.} Bxf3 18. gxf3 Be7 {[%cal
Re7a3,Ge7d6,Gd6h2] Schwarz verbessert die Stellung seines Läufers - Pa3 hängt,
und der Läufer zielt nach d6.} 19. Qa4 Bd6 20. Rxc6 Re6 $132 {Schwarz hat
einen Bauern weniger aber auch Angriffschancen am Königsflügel.} (20... Qg5+
21. Kh1 (21. Ng3 Bxg3 22. hxg3 Rxe3 $11) 21... Re6 22. f4 Qh5 23. Ng3 $16) 21.
Rfc1 Qg5+ 22. Ng3 (22. Kh1 Qh5 23. f4 Rh6 24. Kg1 Qxh2+ 25. Kf1 Qh3+ $40) (22.
Kf1 Qh5 $40) 22... Bxg3 23. hxg3 Rxe3 $5 24. Qd1 $1 $14 {Nach dieser ruhigen
Fortsetzung verteidigt Weiß seinen Königsflügel bekommt dank des besseren
Figurenspiels positionellen Vorteil.} (24. fxe3 Qxg3+ 25. Kf1 Qxf3+ 26. Ke1
Qxe3+ 27. Be2 Re8 28. Qd1 Qg1+ 29. Kd2 Qe3+ 30. Ke1 $11 (30. Kc2 Qf2 (30...
Qxe2+ 31. Qxe2 Rxe2+ 32. Kd3 Ra2 $13) 31. Kd2 $11)) 24... Re6 25. f4 Qe7 26.
R6c5 {[%cal Gc1c8] Weiß übt starke Kontrolle auf der c-Linie aus. Die
schwarzen Bauern a5 und d5 sind schwach.} Rd6 27. Qh5 g6 28. Qe5 Re6 $6 {
Schwarz opfert einen Bauern für etwas Aktivität, erhält aber nur schwache
Kompensation.} (28... Qxe5 29. dxe5 Rdd8 30. Rb5 Ne6 31. Rcb1 $14) 29. Qxd5 Rd8
30. Qc4 Re1+ 31. Rxe1 Qxe1+ 32. Kg2 $16 {Weiß verfügt über einen gesunden
Mehrbauern und Angriffschancen.} Qa1 33. Rxa5 Rxd4 (33... Qxd4 34. Qxd4 Rxd4
35. Bb5 $16) 34. Qb3 Rd7 {Schwarz muss den Pf7 verteidigen.} 35. Bc4 Qd4 36.
Re5 Rc7 37. Bd5 Kg7 38. Re4 (38. Qe3 $16) 38... Qd2 39. Bc4 {Die Koordination
der weißen Figuren ist gut. Jetzt kann er den a-Bauern mobilisieren.} Nd7 {
[%cal Rd7c5,Rc5b3,Rc5e4] Schwarz opfert den Pf7, um ein wenig im Trüben zu
fischen.} 40. Re2 Qd4 41. Bxf7 Nc5 42. Qd5 Qf6 43. Be8 (43. Be6 $16) 43... Qa6
$2 {Dieser Zug verliert sofort, aber guter Rat war ohnehin schon teuer.} 44.
Qe5+ Kh6 45. Qg5+ (45. Qxc7 Qxe2 46. Bxg6 $18 (46. Qxc5 Qxe8 47. Qg5+ Kg7 48.
Qe5+ $18)) 45... Kg7 46. Re7+ Rxe7 47. Qxe7+ Kh6 48. Qf8+ Kh5 49. Qxc5+ $18 Kh6
{Schwarz ist verloren und hat keine Hoffnung mehr. Ich nehme an, dass diese
Phase der Partie im Blitz-Modus gespielt wurde, sonst hätte ein Großmeister
wie Kovacevic schon aufgeben.} 50. Qg5+ (50. Qf8+ Kh5 51. Qg7 $1 $18 {Dieser
Zug führt in wenigen Zügen zum Matt.}) 50... Kg7 51. Qe7+ Kh6 52. Qf8+ Kh5 53.
Qf5+ Kh6 54. Qe5 Qc4 (54... Qxa3 55. f5 $18) 55. a4 Qc8 56. a5 Qa8+ 57. Kg1 Qc8
58. Bb5 Qc1+ 59. Bf1 {Jetzt ist alles sehr einfach - Weiß kann mit dem
a-Bauern vorrücken.} Qa3 60. Qg5+ (60. g4 $18) 60... Kg7 61. a6 Qa2 62. Qc5 Qa1
63. Qe5+ 1-0

[Event "American Continental 2nd"]
[Site "Buenos Aires"]
[Date "2003.08.21"]
[Round "4"]
[White "Labollita, Martin"]
[Black "Liascovich, Lucas Agustin"]
[Result "1-0"]
[WhiteElo "2454"]
[BlackElo "2310"]
[Annotator "Ribli,Z"]
[PlyCount "61"]
[EventDate "2003.08.17"]
[EventType "swiss"]
[EventRounds "11"]
[EventCountry "ARG"]
[SourceTitle "CBM 097"]
[Source "ChessBase"]
[SourceDate "2003.11.11"]
[SourceVersion "1"]
[SourceVersionDate "2003.11.11"]
[SourceQuality "1"]

1. Nf3 Nf6 2. c4 e6 3. Nc3 d5 4. d4 Bb4 5. cxd5 exd5 6. Bg5 h6 7. Bh4 {Das ist
die prinzipielle Fortsetzung für Weiß, aber 7.Bxf6 Qxf6 8.Qa4+ Nc6 9.e3 ist
auch möglich, mit weniger komplizierter Stellung.} c5 8. e3 Nc6 9. Be2 g5 10.
Bg3 Ne4 11. Rc1 (11. O-O Bxc3 12. bxc3 c4 13. Ne5 Nxc3 14. Qc2 Nxe2+ 15. Qxe2
Nxe5 16. Bxe5 f6 17. Bg3 Be6 {0-1 Magai,V-Aleksandrov,A/Elista 1998/CBM 66 ext
(62)}) 11... h5 {Ein typisches Motiv in der Ragosin-Variante - die schwarze
Drohung ist 12...h4.} (11... Qa5 12. O-O Bxc3 13. bxc3 Nxc3 14. Qd2 Nxe2+ 15.
Qxe2 c4 16. Ne5 $1 $44 {Die schwarze Bauernstellung ist geschwächt, so dass
Weiß ausreichende Kompensation für den Bauern hat und im folgenden durch f4
oder e4 starken Angriff erhält.} (16. e4 Be6 $13 {Diese Stellung ist schon aus
der Partie Bazan,O - Fischer,R Mar del Plata 1960, bekannt.})) 12. dxc5 Nxc3 (
12... h4 13. Bd6 Qf6 (13... Nxd6 14. cxd6 Be6 15. Nd4 Qxd6 16. O-O a6 17. Bg4
Qe5 18. Bxe6 fxe6 19. Qg4 Rh6 20. Nxc6 {1-0 Vucic,M-Stripunsky,A/Toronto 1998/
CBM 65 ext (20)}) 14. O-O Bxc3 15. bxc3 g4 16. Nd4 Nxd6 17. cxd6 Qg5 18. Nb5 {
1-0 Vucic,M-Inkiov,V/Rijeka 2001/CBM 82 ext (36)}) 13. bxc3 Bxc5 14. h4 $1 $36
{Mit diesem Zug möchte Weiß die Bauernstruktur am Königsflügel festlegen.} g4
15. Nd4 Nxd4 (15... O-O 16. O-O Nxd4 17. cxd4 $14 {Jetzt ist dieser Zug auch
möglich - ohne die Züge 15.0-0 0-0 hat Schwarz die Schachmöglichkeit auf b4.} (
17. exd4 $14)) 16. exd4 (16. cxd4 Bb4+ 17. Kf1 Bd6 $13) 16... Bd6 17. O-O Be6 (
17... Bxg3 18. fxg3 O-O 19. Qd2 $16 {[%csl Gd2,Gf1,Rg8][%cal Ge2d3,Gd3h7,Gf1f6]
Das ist die Stellung, in der die Doppelbauern auf der g-Linie vorteilhaft für
Weiß sind, weil er die halboffene f-Linie kontrolliert.}) 18. c4 $1 {Weiß
möchte die Stellung öffnen, was eine gute Idee ist, wenn der gegnerische König
in der Mitte steht.} (18. Bb5+ Kf8 19. Qd2 $14) 18... dxc4 (18... Bxg3 19. fxg3
Qd6 20. Qb3 O-O (20... dxc4 21. Bxc4 Qxd4+ $2 22. Kh2 $18) 21. Qe3 $16) 19.
Bxc4 Bxc4 20. Rxc4 Kf8 (20... O-O 21. Bxd6 Qxd6 22. Rc5 $16 {[%csl Rg8][%cal
Rc5h5]}) 21. Qd2 (21. Qb1 Rb8 22. Qf5 $16) 21... Kg7 22. Rb1 (22. Qb2 Rb8 23.
Rc5 $16) 22... b6 23. Rb5 $16 {[%csl Gb5,Gc4,Gd2][%cal Gb5g5][%mdl 2048] Der
Turm steht ausgezeichnet auf b5 - Weiß hat phantastisches Figurenspiel und
starken Angriff gegen den geschwächten schwarzen Königsflügel.} f6 $6 (23...
Bxg3 24. Rg5+ Kf8 25. fxg3 $16) 24. Rd5 $1 {[%csl Rd6][%cal Rd5d8]} Bf4 $8 25.
Bxf4 (25. Rxd8 Bxd2 26. Rd7+ Kg6 $14) 25... Qxd5 26. Rc7+ {[%mdl 128]} Kg6 (
26... Kg8 27. Qc2 f5 28. Be5 $18) 27. Qc2+ f5 (27... Qf5 28. Rg7+ $18) 28. Be5
{[%csl Gc2,Gc7,Ge5,Rg6]} Qe4 (28... Rh7 29. Rxh7 Kxh7 30. Qc7+ $18) (28... Rhg8
29. Qc1 $18) 29. Rg7+ $18 Kh6 30. Qc7 Rad8 31. Rg6+ $1 (31. Rg6+ Kxg6 32. Qg7#)
1-0

[Event "Governor's Cup"]
[Site "Kramatorsk"]
[Date "2001.10.04"]
[Round "5"]
[White "Borovikov, Vladislav"]
[Black "Aleksandrov, Aleksej"]
[Result "0-1"]
[WhiteElo "2593"]
[BlackElo "2646"]
[Annotator "Ribli,Z"]
[PlyCount "68"]
[EventDate "2001.10.02"]
[EventType "tourn"]
[EventRounds "10"]
[EventCountry "UKR"]
[EventCategory "15"]
[SourceTitle "CBM 086"]
[Source "ChessBase"]
[SourceDate "2002.02.05"]
[SourceVersion "1"]
[SourceVersionDate "2002.02.05"]
[SourceQuality "1"]

1. d4 Nf6 2. Nf3 e6 3. c4 d5 4. Nc3 Bb4 5. cxd5 exd5 6. Bg5 h6 7. Bh4 c5 (7...
g5 8. Bg3 Ne4) 8. e3 Nc6 {Schwarz verbessert sein früheres Spiel - in der
zweite Runde des Turniers spielte er 8...c4, wonach Weiß mit 9.Be2!?
erfolgreich war.} 9. Bb5 g5 {Das ist die gewöhnliche Fortsetzung, aber der
Damezug kommt stark in Betracht:} (9... Qb6 $5 10. O-O (10. Bxf6 Qxb5 11. Bxg7
Rg8 $13) 10... Bxc3 11. Bxc6+ Qxc6 12. Ne5 Qe6 13. bxc3 O-O 14. Nd3 Ne4 15.
Nxc5 Nxc5 16. dxc5 Qc6 17. Qd4 (17. Be7 Re8 18. Bd6 b6 $15) 17... Re8 18. f3 {
1/2-1/2 Cramling,P-Chiburdanidze,M/Belgrade 1996/EXT 97 (28)}) 10. Bg3 Ne4 {
Ein typisches Bild - Schwarz hat viele Punktschwächen in seiner Stellung, aber
er hat Gegenspiel - sein Springer steht aktiv auf e4.} 11. O-O Bxc3 12. bxc3
O-O (12... Nxc3 13. Bxc6+ bxc6 14. Qc2 Ne4 15. dxc5 O-O 16. Nd4 Qe8 17. Bd6 (
17. Rab1 $5 $14) 17... Nxd6 18. cxd6 Bd7 19. Rab1 {1/2-1/2 Adorjan,A-Inkiov,V/
Banja Luka 1983/MCL (74)}) 13. Bxc6 bxc6 14. dxc5 Nxc5 15. Nd4 (15. Ne5 Ba6 $2
16. Nxc6 Qd7 17. Nb4 Bxf1 18. Nxd5 Qe6 19. Kxf1 Rad8 20. c4 Ne4 21. Qd4 Rc8 22.
Qxe4 {1-0 Mikhalchishin,A-Dolmatov,S/Vilnius 1978/MCL (22)}) 15... Qf6 (15...
Ba6 $2 {Dieser Läuferzug wäre schlecht - siehe Anmerkung nach 15.Ne5.}) 16. Qf3
$5 $146 (16. Qc2 Ba6 17. Rfd1 Ne4 {1/2-1/2 Dautov,R-Zvjaginsev,V/Altensteig
1994/CBM 43 (17)}) (16. f4 $5) 16... Qg6 {Schwarz hält die Damen auf dem Brett,
da Weiß nach dem Damentausch die Drohungen Nxc6 und Bd6 hätte.} (16... Qxf3 17.
gxf3 Bh3 (17... Bd7 $2 18. Bd6 $18) 18. Bd6 Bxf1 19. Bxc5 Bc4 20. Bxf8 Kxf8 21.
Nxc6 $16) 17. c4 $36 h5 $5 {[%cal Rc8g4,Rg4f3] Schwarz mobilisiert seine
Bauern am Königsflügel und bekommt Gegenspiel.} (17... dxc4 18. Nxc6 Kh7 (18...
Qe4 19. Qf6 $18) (18... Re8 19. Ne7+ Rxe7 20. Qxa8 $18) 19. Ne5 Qe4 20. Qxe4+
Nxe4 21. Nxc4 $16) (17... Ne4 $5 {[%csl Ge4]}) 18. h3 {Weiß muss so spielen,
da die schwarze Drohung 18...Bg4 ist (mit Damenfang) und außerdem 18...h4.} h4
19. Bh2 g4 $6 (19... Ne4 $5 {[%csl Ge4]}) 20. hxg4 Bxg4 21. Nxc6 $1 {[%mdl 64]
Mit dieser kleinen Kombination gewinnt Weiß einen Bauern. Eine andere Frage
ist, ob Weiß diese Mehrheit verwerten kann.} Bxf3 22. Ne7+ Kg7 23. Nxg6 fxg6
24. gxf3 {Nach forcierten Zügen wir haben eine Stellung, in der Weiß einen
Bauern mehr hat.} dxc4 (24... Rxf3 $6 25. cxd5 $14 {[%csl Gd5]}) 25. Rac1 Rxf3
26. Rxc4 Rf5 27. Rxh4 $14 {Wegen des reduzierten Materials hat Schwarz
Rettungchancen.} Rd8 {[%csl Gc5,Gd8,Gf5][%cal Gd8d2] Schwarz hat aktives
Figurenspiel - Weiß kann seine Bauernmehrheit nicht leicht verwerten.} 28. e4
$6 (28. Rd4 Rxd4 29. exd4 Nd3 $14 {[%csl Gd3]}) 28... Rg5+ 29. Kh1 Nd3 30. f4
$4 {[%mdl 8192] Unglaublicher Fehler!} (30. Bg3 Rb5 $14) 30... Nf2+ $1 $19 {
Mit diesem schönen (aber einfachen) Springerzug gewinnt Schwarz die Partie.}
31. Rxf2 Rd1+ {Interessant - Weiß muss zuerst seinen Läufer und drei Züge
später seinen Turm geben.} 32. Bg1 Rgxg1+ 33. Kh2 Rh1+ 34. Kg3 Rdg1+ 0-1